Fatawa-I-kazee khan (Record no. 1155884)

MARC details
000 -LEADER
fixed length control field 00732nam a2200253Ia 4500
003 - CONTROL NUMBER IDENTIFIER
control field OSt
005 - DATE AND TIME OF LATEST TRANSACTION
control field 20221007075403.0
008 - FIXED-LENGTH DATA ELEMENTS--GENERAL INFORMATION
fixed length control field 221006b |||||||| |||| 00| 0 eng d
037 ## - SOURCE OF ACQUISITION
Terms of availability Reference Collections
040 ## - CATALOGING SOURCE
Original cataloging agency FLL
Transcribing agency FLL
Language of cataloging eng
041 ## - LANGUAGE CODE
Source of code eng
Language code of text/sound track or separate title eng
100 ## - MAIN ENTRY--PERSONAL NAME
Personal name Hasan I.F. Au.
9 (RLIN) 693866
245 #0 - TITLE STATEMENT
Title Fatawa-I-kazee khan
Remainder of title Mahomedan law
260 ## - PUBLICATION, DISTRIBUTION, ETC.
Place of publication, distribution, etc. New Delhi
Name of publisher, distributor, etc. Kitab Bhavan India
Date of publication, distribution, etc. 1986
490 ## - SERIES STATEMENT
Volume/sequential designation Vol.2
650 ## - SUBJECT ADDED ENTRY--TOPICAL TERM
Topical term or geographic name entry element Fatawa-I-kazee khan
9 (RLIN) 693867
700 ## - ADDED ENTRY--PERSONAL NAME
Personal name Uzjandi M.A. Au.
9 (RLIN) 693868
942 ## - ADDED ENTRY ELEMENTS (KOHA)
Classification part ZQ7, 1986
Koha item type Reference
Source of classification or shelving scheme Colon Classification (CC)
Holdings
Withdrawn status Lost status Source of classification or shelving scheme Damaged status Not for loan Home library Current library Date acquired Serial Enumeration / chronology Total Checkouts Full call number Barcode Date last seen Price effective from Koha item type
    Colon Classification (CC)     Faculty of Law Library Faculty of Law Library 2022-10-07 Vol.2   ZQ7 1986 LL0843573 2022-10-07 2022-10-07 Reference
Copyright @ Delhi University Library System